5 Closest Countries To Los Angeles By Continent - Statistics

General Stats
  • This quiz has been taken 66 times
    60 since last reset
  • The average score is 24 of 29
Answer Stats
Continent km mi Country % Correct
North America 197.90 122.97 Mexico
100%
North America 1,663.93 1,033.92 Canada
97%
Asia 8,399.41 5,219.15 China
94%
North America 3,392.69 2,108.12 Guatemala
94%
Asia 7,973.40 4,954.44 Japan
94%
Europe / Asia 4,859.49 3,019.55 Russia
92%
South America 5,042.01 3,132.96 Colombia
89%
Europe 8,030.95 4,990.20 United Kingdom
89%
South America 5,348.54 3,323.43 Venezuela
89%
South America 6,178.32 3,839.03 Brazil
86%
Europe 6,770.11 4,206.75 Iceland
86%
South America 5,846.51 3,632.85 Peru
86%
North America 3,398.62 2,111.81 Belize
83%
South America 5,435.27 3,377.32 Ecuador
83%
Africa 9,551.59 5,935.08 Morocco
83%
Asia 9,007.32 5,596.89 North Korea
83%
Oceania 7,735.28 4,806.48 Fiji
81%
Africa 9,212.38 5,724.31 Cape Verde
78%
North America 3,535.81 2,197.05 Cuba
78%
Oceania 7,755.53 4,819.06 Samoa
78%
Africa 9,938.83 6,175.70 Algeria
75%
Oceania 5,386.78 3,347.19 Kiribati
75%
Oceania 7,518.63 4,671.86 Marshall Islands
75%
Africa 9,633.16 5,985.77 Mauritania
75%
Asia 9,317.86 5,789.85 Mongolia
75%
Africa 10,036.79 6,236.57 Senegal
75%
Europe 7,968.13 4,951.17 Norway
72%
Europe 8,054.61 5,004.90 Sweden
67%
Oceania 8,093.89 5,029.31 Tuvalu
67%
No matching quizzes found
Score Distribution
Percent of People with Each Score
Percentile by Number Answered
Your Score History
You have not taken this quiz since the last reset